000 00664nam a2200241Ia 4500
003 OSt
005 20220925220151.0
006 a|||||r|||| 00| 0
007 ta
008 220923b |||||||| |||| 00| 0 eng d
037 _cGeneral Book
040 _aRTL
_cRTL
_beng
041 _2eng
_aeng
082 _aX:89Q1, L5
100 _aMilne Thomas E
245 0 _aBusiness forecasting
_bA managerial appreach
260 _aLondon
_bLongman UK
_c1975
300 _a204p.
_ccm.
490 _aLondon Business school series
650 _aProduction Control
942 _hX:89Q1, L5
_cGB
_2CC
999 _c570690
_d570690